[Event "DVM U12 2021-22"]
[Site "Naumburg"]
[Date "2022.03.26"]
[Round "2"]
[White "Merenda, Lukas-Benedikt"]
[Black "Helms, Finn"]
[Result "0-1"]
[WhiteElo "1479"]
[BlackElo "1911"]
[Annotator "TA"]
[PlyCount "138"]
[EventDate "2022.03.25"]
[EventType "team-tourn"]
[EventRounds "7"]
[EventCountry "GER"]
[SourceTitle "playchess.com"]
[Source "ChessBase"]
[SourceQuality "1"]

{[%evp 14,137,16,8,3,0,10,11,13,11,26,10,10,8,61,6,14,0,0,-10,-2,-36,-12,-16,14,0,40,-33,-42,-38,-32,-117,-116,-155,-150,-159,-147,-172,-179,-210,-178,-215,-222,-299,-238,-231,-204,-237,-189,-342,-234,-215,-217,-278,-256,-978,-852,-973,-539,-582,-471,-508,-427,-420,-420,-393,-384,-29962,-29950,-29973,-29974,-29972,-29974,-29973,-29975,-29982,-29981,-29979,-29976,-29989,-29990,-29990,-29991,-29991,-29992,-29994,-29985,-29985,-29984,-29984,-29985,-29985,-29986,-29986,-29987,-29987,-29988,-29988,-29989,-29991,-29992,-29992,-29990,-29990,-29991,-29993,-29994,-29994,-29995,-29995,-29996,-29996,-29997,-29997,-29997,-29998,-29997,-29997,-29997,-29998,-29998,-29998,-29998,-29998,-29999,-29999]} 1. e4 c6 2. d4 d5 3. exd5 cxd5 4. Bd3 g6 5. Nf3 Nc6 6. c3 Nf6 7. h3 Bf5 8. O-O {8.Be2 deserves study.} Bxd3 {B13: Caro-Kann: Exchange Variation and Panov-Botvinnik Attack.} 9. Qxd3 Bg7 10. Bf4 O-O {The position is equal.} 11. Nbd2 Ne8 12. Rfe1 Nd6 {[#]} 13. Rac1 $146 ({Predecessor:} 13. Ne5 Rc8 14. Ndf3 Ne4 15. Nxc6 Rxc6 16. Nd2 Nxd2 17. Qxd2 e6 18. Re3 Qa5 19. h4 {½-½ (30) Tishin,P (2431)-Averjanov,A (2400) Tula 2017}) 13... b5 (13... e6 $11) 14. a3 (14. Nb3 $14) 14... a6 15. b3 e6 16. Ne5 Rc8 17. Bh2 Qe7 18. a4 Bh6 19. Ng4 $1 Bg7 20. Nf3 (20. Bxd6 $14 Qxd6 21. axb5 axb5 22. Qxb5) 20... bxa4 $15 21. bxa4 Nc4 22. Nge5 {White is on the road to losing.} ({Better is} 22. Ne3 $15) 22... N6xe5 $17 23. Nxe5 Nxe5 24. Bxe5 Bxe5 25. dxe5 Rc4 26. g3 Qc5 (26... Rxa4 27. c4 $17) 27. Kg2 Rc8 (27... Rxa4 28. Ra1 Rxa1 29. Rxa1) 28. Re3 Rxa4 29. Rb1 Ra3 30. Qe2 Qc4 (30... Rxc3 31. Rxc3 Qxc3 32. Qxa6) 31. Qb2 $2 {[#]} (31. Qxc4 {keeps fighting.} Rxc4 32. Rb8+ Kg7 33. Ra8) 31... Rxc3 32. Rxc3 Qxc3 $19 {[%mdl 4096] Endgame KQR-KQR} 33. Qb7 Qc6 34. Qe7 $2 (34. Qxc6 Rxc6 35. Rb3) 34... d4+ {[%cal Bd5d4,Bd4d3,Bd3d2][%mdl 32]} 35. Kg1 Qe4 36. Qb4 Qxe5 37. Qb7 Rd8 {aiming for ...d3.} 38. Qxa6 d3 39. Qb6 Rd5 {Threatens to win with ...d2.} 40. Rd1 {[#]} (40. Qe3 $19 Qd6 41. Qd2) 40... Qe2 {Black mates.} 41. Qb8+ Kg7 42. Qb1 d2 43. Qa1+ e5 44. g4 Rd3 45. Kg2 Rf3 46. Rxd2 Rxf2+ $1 ({And not} 46... Qxd2 47. Kxf3 Qf4+ 48. Kg2 $17) 47. Kg1 Qxd2 48. Qxe5+ Kh6 49. h4 Qf4 50. Qg5+ Qxg5 51. hxg5+ Kxg5 52. Kxf2 Kxg4 {KP-KP} 53. Kg2 f5 54. Kf2 f4 55. Kg2 f3+ 56. Kf2 Kf4 {[%cal Bg4f4,Bf4g3,Bg3f2,Bf2e2][%mdl 32]} 57. Kf1 Kg3 58. Kg1 h5 59. Kh1 Kf2 60. Kh2 g5 {[%cal Bg6g5,Bg5g4,Bg4g3,Bg3g2,Bg2g1][%mdl 32]} 61. Kh1 Ke2 62. Kh2 f2 63. Kg3 f1=Q 64. Kh2 Qf3 65. Kg1 g4 66. Kh2 g3+ 67. Kh3 g2+ 68. Kh2 Qf2 69. Kh3 g1=N# {Weighted Error Value: White=0.70/Black=0.34} 0-1

[Event "DVM U12 2021-22"]
[Site "Naumburg"]
[Date "2022.03.26"]
[Round "2"]
[White "Cwiklik, Jonah"]
[Black "Rudolph, Simon"]
[Result "1-0"]
[WhiteElo "1409"]
[BlackElo "1403"]
[Annotator "NA"]
[PlyCount "121"]
[EventDate "2022.03.25"]
[EventType "team-tourn"]
[EventRounds "7"]
[EventCountry "GER"]
[SourceTitle "playchess.com"]
[Source "ChessBase"]
[SourceQuality "1"]
[TimeControl "40/5400+30:1800+30"]

1. e4 {[%emt 0:00:02]} Nf6 {[%emt 0:00:06]} 2. e5 {[%emt 0:00:12]} Nd5 {[%emt 0:00:08]} 3. c4 {[%emt 0:00:27]} Nb6 {[%emt 0:00:07]} 4. d4 {[%emt 0:00:14]} d6 {[%emt 0:00:09]} 5. exd6 {[%emt 0:00:10]} cxd6 {[%emt 0:00:12]} 6. Bd3 {[%emt 0:00:31]} g6 {[%emt 0:00:14]} 7. Be3 {[%emt 0:00:39]} Bg7 {[%emt 0:00:29]} 8. Nc3 {[%emt 0:00:16]} e6 {[%emt 0:00:18]} 9. Nge2 {[%emt 0:00:34]} O-O {[%emt 0:00:25]} 10. Qd2 {[%emt 0:00:31]} Nc6 {[%emt 0:00:54]} 11. a3 {[%emt 0:01:11]} Na5 {[%emt 0:00:54]} 12. Qc2 {[%emt 0:07:13]} Naxc4 {[%emt 0:01:09]} 13. Nb5 {[%emt 0:01:40]} Nxe3 {[%emt 0:00:56]} 14. fxe3 {[%emt 0:00:13]} Bd7 {[%emt 0:01:19]} 15. Nxd6 {[%emt 0:04:05]} Bc6 {[%emt 0:00:28]} 16. Ne4 {[%emt 0:01:24]} Nd5 {[%emt 0:01:04]} 17. Qd2 {[%emt 0:03:48]} Bh6 {[%emt 0:02:36]} 18. Nf4 {[%emt 0:01:52]} e5 {[%emt 0:01:25]} 19. Nxd5 {[%emt 0:02:31]} Qxd5 {[%emt 0:00:47]} 20. Nf6+ {[%emt 0:00:20]} Kg7 {[%emt 0:00:21]} 21. Nxd5 {[%emt 0:00:06]} Bxd5 {[%emt 0:00:17]} 22. dxe5 {[%emt 0:01:46]} Rfe8 {[%emt 0:01:00]} 23. Qc3 {[%emt 0:02:00]} Rac8 {[%emt 0:00:57]} 24. Qd4 {[%emt 0:01:45]} Rcd8 {[%emt 0:01:21]} 25. Qc3 {[%emt 0:07:07]} Bxe3 {[%emt 0:02:52]} 26. e6+ {[%emt 0:01:41]} f6 {[%emt 0:00:28]} 27. Qc7+ {[%emt 0:00:31]} Kh8 {[%emt 0:00:39]} 28. e7 {[%emt 0:03:47]} Rc8 {[%emt 0:01:05]} 29. Qd6 {[%emt 0:00:26]} Bxg2 {[%emt 0:00:46]} 30. Qxf6+ {[%emt 0:00:54]} Kg8 {[%emt 0:00:24]} 31. Bxg6 {[%emt 0:00:27]} hxg6 {[%emt 0:00:33]} 32. Qxg6+ {[%emt 0:00:12]} Kh8 {[%emt 0:00:23]} 33. Qxg2 {[%emt 0:00:12]} Rxe7 {[%emt 0:00:24]} 34. Qh3+ {[%emt 0:00:15]} Bh6+ {[%emt 0:00:13]} 35. Kf2 {[%emt 0:01:56]} Rf8+ {[%emt 0:00:21]} 36. Kg2 {[%emt 0:02:33]} Rg7+ {[%emt 0:01:32]} 37. Qg3 {[%emt 0:00:22]} Be3 {[%emt 0:02:20]} 38. Qxg7+ {[%emt 0:00:27]} Kxg7 {[%emt 0:00:14]} 39. h4 {[%emt 0:00:55]} Rf2+ {[%emt 0:01:00]} 40. Kg3 {[%emt 0:00:15]} Rxb2 {[%emt 0:00:49]} 41. Rab1 {[%emt 0:31:20]} Rc2 {[%emt 0:32:35]} 42. Rxb7+ {[%emt 0:00:34]} Kh6 {[%emt 0:00:19]} 43. Rd1 {[%emt 0:00:55]} Bc5 {[%emt 0:01:17]} 44. Rd5 {[%emt 0:06:33]} Rc3+ {[%emt 0:01:36]} 45. Kg4 {[%emt 0:01:58]} Rc4+ {[%emt 0:03:35]} 46. Kf3 {[%emt 0:01:12]} Rc3+ {[%emt 0:01:00]} 47. Ke4 {[%emt 0:00:50]} Re3+ {[%emt 0:00:44]} 48. Kf4 {[%emt 0:00:58]} Rc3 {[%emt 0:00:35]} 49. Kf5 {[%emt 0:04:08]} Rf3+ {[%emt 0:00:43]} 50. Ke6 {[%emt 0:01:17]} Rc3 {[%emt 0:02:19]} 51. Rc7 {[%emt 0:02:18]} Re3+ {[%emt 0:01:47]} 52. Re5 {[%emt 0:00:32]} Rxe5+ {[%emt 0:00:17]} 53. Kxe5 {[%emt 0:00:11]} Bxa3 54. Rxa7 Bf8 {[%emt 0:02:46]} 55. Kf5 {[%emt 0:01:05]} Bg7 {[%emt 0:00:33]} 56. Kg4 {[%emt 0:01:06]} Kh7 {[%emt 0:01:18]} 57. Kg5 {[%emt 0:00:22]} Kh8 {[%emt 0:01:34]} 58. Kg6 {[%emt 0:00:26]} Bf8 {[%emt 0:02:23]} 59. Ra8 {[%emt 0:00:29]} Kg8 {[%emt 0:00:44]} 60. h5 {[%emt 0:00:11]} Kh8 {[%emt 0:00:11]} 61. Rxf8# 1-0

[Event "DVM U12 2021-22"]
[Site "Naumburg"]
[Date "2022.03.26"]
[Round "2"]
[White "Zhang, Yibo"]
[Black "Middendorf, Sven-Jonas"]
[Result "1/2-1/2"]
[WhiteElo "1397"]
[BlackElo "1424"]
[Annotator "NA RC"]
[PlyCount "67"]
[EventDate "2022.03.25"]
[EventType "team-tourn"]
[EventRounds "7"]
[EventCountry "GER"]
[SourceTitle "playchess.com"]
[Source "ChessBase"]
[SourceQuality "1"]
[TimeControl "40/5400+30:1800+30"]

1. e4 {[%emt 0:00:02]} e5 {[%emt 0:00:01]} 2. Nf3 {[%emt 0:00:05]} Nc6 {[%emt 0:00:04]} 3. d4 {[%emt 0:00:04]} exd4 {[%emt 0:00:05]} 4. Nxd4 {[%emt 0:00:05]} Nf6 {[%emt 0:00:03]} 5. Nxc6 {[%emt 0:00:05]} bxc6 {[%emt 0:00:04]} 6. e5 {[%emt 0:00:04]} Qe7 {[%emt 0:00:05]} 7. Qe2 {[%emt 0:00:06]} Nd5 {[%emt 0:00:05]} 8. c4 {[%emt 0:00:06]} Ba6 {[%emt 0:00:07]} 9. b3 {[%emt 0:00:03]} g6 {[%emt 0:00:09]} 10. f4 {[%emt 0:00:05]} Bg7 {[%emt 0:00:12]} 11. Qf2 {[%emt 0:00:10]} Nb6 {[%emt 0:00:58]} 12. Ba3 {[%emt 0:02:38]} d6 {[%emt 0:15:47]} 13. c5 {[%emt 0:10:06]} Bxe5 {[%emt 0:01:39]} 14. Bxa6 {[%emt 0:18:42]} Bxa1+ {[%emt 0:02:47]} 15. Kd1 {[%emt 0:00:32]} O-O {[%emt 0:10:24]} 16. cxb6 {[%emt 0:02:15]} cxb6 {[%emt 0:02:01]} 17. Re1 {[%emt 0:03:33]} Qd7 {[%emt 0:03:44]} 18. Bd3 {[%emt 0:11:27]} Qg4+ {[%emt 0:01:02]} 19. Kc2 {[%emt 0:00:39]} Rad8 {[%emt 0:01:24]} 20. Nc3 {[%emt 0:01:30]} Bxc3 {[%emt 0:00:22]} 21. Kxc3 {[%emt 0:01:11]} Qd7 {[%emt 0:01:58]} 22. f5 {[%emt 0:01:25]} Rfe8 {[%emt 0:06:47]} 23. f6 {[%emt 0:04:17]} Rxe1 {[%emt 0:00:46]} 24. Qxe1 {[%emt 0:00:07]} Qe6 {[%emt 0:00:57]} 25. Qh4 {[%emt 0:04:50]} Re8 {[%emt 0:03:16]} 26. Kc2 {[%emt 0:02:21]} Qe5 {[%emt 0:03:50]} 27. Bb2 {[%emt 0:09:10]} Qc5+ {[%emt 0:02:17]} 28. Bc3 {[%emt 0:00:39]} Re6 {[%emt 0:08:28]} 29. Bc4 {[%emt 0:01:44]} d5 {[%emt 0:06:09]} 30. Qh6 {[%emt 0:12:39]} Qf2+ {[%emt 0:02:15]} 31. Kb1 {[%emt 0:00:41]} Re1+ {[%emt 0:03:49]} 32. Bxe1 {[%emt 0:01:20]} Qxe1+ {[%emt 0:00:02]} 33. Kb2 {[%emt 0:09:19]} Qe5+ {[%emt 0:01:05]} 34. Kb1 {[%emt 0:04:38]} 1/2-1/2

[Event "DVM U12 2021-22"]
[Site "Naumburg"]
[Date "2022.03.26"]
[Round "2"]
[White "Flierl, Veronika"]
[Black "Gulamzada, Elmir"]
[Result "0-1"]
[WhiteElo "1356"]
[BlackElo "1291"]
[Annotator "NA RC"]
[PlyCount "142"]
[EventDate "2022.03.25"]
[EventType "team-tourn"]
[EventRounds "7"]
[EventCountry "GER"]
[SourceTitle "playchess.com"]
[Source "ChessBase"]
[SourceQuality "1"]
[TimeControl "40/5400+30:1800+30"]

1. e4 {[%emt 0:00:02]} e6 {[%emt 0:00:19]} 2. d4 {[%emt 0:01:06]} d5 {[%emt 0:00:21]} 3. e5 {[%emt 0:00:29]} c5 {[%emt 0:00:45]} 4. c3 {[%emt 0:00:24]} Nc6 {[%emt 0:00:37]} 5. Be3 {[%emt 0:01:13]} Qb6 {[%emt 0:00:51]} 6. Qd2 {[%emt 0:00:40]} cxd4 {[%emt 0:01:17]} 7. cxd4 {[%emt 0:00:16]} Bd7 {[%emt 0:00:59]} 8. Nf3 {[%emt 0:02:10]} Nge7 {[%emt 0:04:28]} 9. Nh4 {[%emt 0:13:40]} Ng6 {[%emt 0:01:26]} 10. Nxg6 {[%emt 0:00:38]} hxg6 {[%emt 0:00:25]} 11. Nc3 {[%emt 0:03:19]} Be7 {[%emt 0:01:36]} 12. Be2 {[%emt 0:02:11]} Rc8 {[%emt 0:02:59]} 13. O-O {[%emt 0:02:58]} a6 {[%emt 0:05:09]} 14. f4 {[%emt 0:10:47]} Na7 {[%emt 0:06:49]} 15. a3 {[%emt 0:04:58]} Nb5 {[%emt 0:01:19]} 16. Rac1 {[%emt 0:10:12]} Nxc3 {[%emt 0:03:59]} 17. Rxc3 {[%emt 0:00:20]} Rxc3 {[%emt 0:00:33]} 18. Qxc3 {[%emt 0:00:10]} Bb5 {[%emt 0:04:48]} 19. Qb3 {[%emt 0:09:30]} Qa5 {[%emt 0:04:45]} 20. Bxb5+ {[%emt 0:00:44]} Qxb5 {[%emt 0:02:06]} 21. Qxb5+ {[%emt 0:00:14]} axb5 {[%emt 0:00:14]} 22. Rc1 {[%emt 0:00:20]} Kd7 {[%emt 0:01:24]} 23. Bd2 {[%emt 0:00:24]} Rc8 {[%emt 0:01:25]} 24. Rf1 {[%emt 0:02:25]} Rc2 {[%emt 0:00:55]} 25. Bc3 {[%emt 0:00:16]} f6 {[%emt 0:03:42]} 26. Rf3 {[%emt 0:03:32]} Ke8 {[%emt 0:02:52]} 27. Rg3 {[%emt 0:05:09]} Kf7 {[%emt 0:01:17]} 28. Kf1 {[%emt 0:02:03]} Rc1+ {[%emt 0:08:02]} 29. Ke2 {[%emt 0:00:26]} Rh1 {[%emt 0:00:16]} 30. h3 {[%emt 0:00:19]} f5 {[%emt 0:01:47]} 31. Rd3 {[%emt 0:04:49]} b6 {[%emt 0:01:09]} 32. Be1 {[%emt 0:01:12]} g5 {[%emt 0:04:11]} 33. Bg3 {[%emt 0:01:11]} gxf4 {[%emt 0:00:53]} 34. Bxf4 {[%emt 0:00:10]} b4 {[%emt 0:01:42]} 35. a4 {[%emt 0:00:47]} Ra1 {[%emt 0:00:32]} 36. b3 {[%emt 0:00:19]} Rb1 {[%emt 0:01:29]} 37. Rg3 {[%emt 0:02:04]} Bh4 {[%emt 0:00:19]} 38. Rf3 {[%emt 0:00:42]} Rb2+ {[%emt 0:03:58]} 39. Kf1 {[%emt 0:01:59]} g5 {[%emt 0:01:06]} 40. g3 {[%emt 0:02:24]} gxf4 {[%emt 0:06:56]} 41. gxh4 {[%emt 0:30:13]} Kg6 {[%emt 0:30:50]} 42. Ke1 {[%emt 0:01:47]} Kh5 {[%emt 0:00:27]} 43. Kd1 {[%emt 0:00:40]} Kxh4 {[%emt 0:01:19]} 44. Ke1 {[%emt 0:00:18]} Kg5 {[%emt 0:00:44]} 45. Kd1 {[%emt 0:00:27]} Rg2 {[%emt 0:01:20]} 46. Ke1 {[%emt 0:04:35]} Rg3 {[%emt 0:00:31]} 47. Kf2 {[%emt 0:00:09]} Kh4 {[%emt 0:00:33]} 48. Rxf4+ {[%emt 0:00:23]} Kxh3 {[%emt 0:01:41]} 49. Rf3 {[%emt 0:00:18]} Rxf3+ {[%emt 0:00:35]} 50. Kxf3 {[%emt 0:00:06]} Kh4 {[%emt 0:00:17]} 51. Kf4 {[%emt 0:00:12]} Kh5 {[%emt 0:00:14]} 52. Kf3 {[%emt 0:00:07]} Kg5 {[%emt 0:00:13]} 53. Kg3 {[%emt 0:00:06]} f4+ {[%emt 0:00:17]} 54. Kf3 {[%emt 0:00:05]} Kf5 {[%emt 0:00:18]} 55. Kf2 {[%emt 0:01:43]} Ke4 {[%emt 0:00:10]} 56. a5 {[%emt 0:00:05]} bxa5 {[%emt 0:00:46]} 57. Ke2 {[%emt 0:00:18]} Kxd4 {[%emt 0:00:14]} 58. Kd2 {[%emt 0:00:27]} f3 {[%emt 0:00:16]} 59. Kd1 {[%emt 0:00:21]} Kd3 {[%emt 0:00:13]} 60. Ke1 {[%emt 0:00:30]} Kc3 {[%emt 0:00:13]} 61. Kf2 {[%emt 0:00:38]} Kxb3 {[%emt 0:00:43]} 62. Kxf3 {[%emt 0:00:13]} a4 {[%emt 0:00:13]} 63. Ke2 {[%emt 0:00:16]} a3 {[%emt 0:00:08]} 64. Kd2 {[%emt 0:00:08]} a2 {[%emt 0:00:16]} 65. Kd3 {[%emt 0:00:03]} a1=Q {[%emt 0:00:11]} 66. Kd2 {[%emt 0:00:13]} Qc3+ {[%emt 0:00:32]} 67. Kd1 {[%emt 0:00:13]} Qc2+ {[%emt 0:00:24]} 68. Ke1 {[%emt 0:00:07]} Kc3 {[%emt 0:00:19]} 69. Kf1 {[%emt 0:00:05]} b3 {[%emt 0:00:11]} 70. Ke1 {[%emt 0:00:07]} b2 {[%emt 0:00:20]} 71. Kf1 {[%emt 0:00:08]} b1=R# 0-1

[Event "DVM U12 2021-22"]
[Site "Naumburg"]
[Date "2022.03.26"]
[Round "2"]
[White "Fadeev, Justin Michael"]
[Black "Friedrich, Timofej"]
[Result "0-1"]
[WhiteElo "1327"]
[BlackElo "1377"]
[Annotator "NA"]
[PlyCount "78"]
[EventDate "2022.03.25"]
[EventType "team-tourn"]
[EventRounds "7"]
[EventCountry "GER"]
[SourceTitle "playchess.com"]
[Source "ChessBase"]
[SourceQuality "1"]
[TimeControl "40/5400+30:1800+30"]

1. e4 {[%emt 0:00:01]} c6 {[%emt 0:00:09]} 2. d4 {[%emt 0:00:09]} d5 {[%emt 0:00:07]} 3. exd5 {[%emt 0:00:21]} cxd5 {[%emt 0:00:10]} 4. Bd3 {[%emt 0:01:00]} Nc6 {[%emt 0:00:44]} 5. c3 {[%emt 0:00:44]} Nf6 {[%emt 0:00:19]} 6. Bf4 {[%emt 0:00:29]} g6 {[%emt 0:00:15]} 7. Nf3 {[%emt 0:01:24]} Bg7 {[%emt 0:00:30]} 8. O-O {[%emt 0:00:41]} O-O {[%emt 0:00:12]} 9. Re1 {[%emt 0:01:08]} Nh5 {[%emt 0:01:37]} 10. Bg5 {[%emt 0:01:24]} Re8 {[%emt 0:01:45]} 11. Nbd2 {[%emt 0:03:31]} f5 {[%emt 0:02:02]} 12. Ne5 {[%emt 0:02:38]} Nf6 {[%emt 0:02:59]} 13. f4 {[%emt 0:08:57]} Qd6 {[%emt 0:05:00]} 14. Nxc6 {[%emt 0:12:36]} bxc6 {[%emt 0:01:25]} 15. Bxf6 {[%emt 0:01:44]} Bxf6 {[%emt 0:00:54]} 16. Qf3 {[%emt 0:00:20]} e6 {[%emt 0:02:35]} 17. Qg3 {[%emt 0:00:43]} Kf7 {[%emt 0:01:52]} 18. Nf3 {[%emt 0:00:21]} Qe7 {[%emt 0:05:19]} 19. Ne5+ {[%emt 0:01:30]} Bxe5 {[%emt 0:00:30]} 20. Rxe5 {[%emt 0:00:53]} Qf6 {[%emt 0:01:16]} 21. Rae1 {[%emt 0:01:32]} Bd7 {[%emt 0:00:46]} 22. h4 {[%emt 0:05:36]} Rg8 {[%emt 0:02:56]} 23. Qf2 Rae8 {[%emt 0:02:43]} 24. g3 {[%emt 0:03:20]} h6 {[%emt 0:01:43]} 25. Qe2 {[%emt 0:01:29]} g5 {[%emt 0:03:43]} 26. Qh5+ {[%emt 0:00:26]} Qg6 {[%emt 0:00:17]} 27. Qxg6+ {[%emt 0:00:57]} Rxg6 {[%emt 0:00:30]} 28. Be2 {[%emt 0:04:06]} gxf4 {[%emt 0:05:25]} 29. Bh5 {[%emt 0:00:14]} Reg8 {[%emt 0:00:18]} 30. R5e2 {[%emt 0:01:42]} Kf6 {[%emt 0:01:48]} 31. Bxg6 {[%emt 0:00:39]} Rxg6 {[%emt 0:00:22]} 32. Rg2 {[%emt 0:00:35]} fxg3 {[%emt 0:01:13]} 33. Rf1 {[%emt 0:00:42]} Rg4 {[%emt 0:00:21]} 34. Rf3 {[%emt 0:00:45]} f4 {[%emt 0:00:42]} 35. Kf1 {[%emt 0:00:32]} Kf5 {[%emt 0:00:11]} 36. Re2 {[%emt 0:01:00]} Rxh4 {[%emt 0:01:03]} 37. Rg2 {[%emt 0:03:04]} Kg4 {[%emt 0:01:27]} 38. Ke2 {[%emt 0:01:29]} Be8 {[%emt 0:01:09]} 39. Rg1 {[%emt 0:00:38]} Rh2+ {[%emt 0:00:16]} 0-1

[Event "DVM U12 2021-22"]
[Site "Naumburg"]
[Date "2022.03.26"]
[Round "2"]
[White "Rudolph, Konrad"]
[Black "Koberstein, Simon"]
[Result "1-0"]
[WhiteElo "1321"]
[BlackElo "1462"]
[Annotator "NA RC"]
[PlyCount "63"]
[EventDate "2022.03.25"]
[EventType "team-tourn"]
[EventRounds "7"]
[EventCountry "GER"]
[SourceTitle "playchess.com"]
[Source "ChessBase"]
[SourceQuality "1"]
[TimeControl "40/5400+30:1800+30"]

1. d4 {[%emt 0:00:11]} Nf6 {[%emt 0:00:08]} 2. c4 {[%emt 0:00:24]} e6 {[%emt 0:00:07]} 3. Nc3 {[%emt 0:00:47]} Bb4 {[%emt 0:00:36]} 4. a3 {[%emt 0:00:49]} Bxc3+ {[%emt 0:01:28]} 5. bxc3 {[%emt 0:00:41]} d5 {[%emt 0:00:38]} 6. a4 {[%emt 0:02:28]} Nc6 {[%emt 0:01:27]} 7. Ba3 {[%emt 0:01:02]} e5 {[%emt 0:01:25]} 8. Nf3 {[%emt 0:02:56]} e4 {[%emt 0:01:01]} 9. Ne5 {[%emt 0:05:24]} Be6 {[%emt 0:03:06]} 10. Nxc6 {[%emt 0:06:07]} bxc6 {[%emt 0:00:08]} 11. Qb3 {[%emt 0:04:00]} Rb8 {[%emt 0:00:57]} 12. Qa2 {[%emt 0:01:01]} Nd7 {[%emt 0:02:28]} 13. a5 {[%emt 0:01:39]} Qf6 {[%emt 0:05:07]} 14. e3 {[%emt 0:03:02]} h5 {[%emt 0:07:11]} 15. Rb1 {[%emt 0:02:55]} Qd8 {[%emt 0:04:50]} 16. h3 {[%emt 0:10:24]} h4 {[%emt 0:02:54]} 17. Be2 {[%emt 0:02:40]} Qc8 {[%emt 0:03:39]} 18. O-O {[%emt 0:01:19]} Rh6 {[%emt 0:04:06]} 19. Rb2 {[%emt 0:01:32]} Rg6 {[%emt 0:02:27]} 20. Kh2 {[%emt 0:02:20]} Ra8 {[%emt 0:06:10]} 21. Rfb1 {[%emt 0:02:47]} Qd8 {[%emt 0:04:59]} 22. Qb3 {[%emt 0:07:33]} Qg5 {[%emt 0:03:45]} 23. Bf1 {[%emt 0:02:20]} dxc4 {[%emt 0:07:10]} 24. Qb7 {[%emt 0:03:30]} Rd8 {[%emt 0:02:15]} 25. Qxa7 {[%emt 0:02:57]} f5 {[%emt 0:02:36]} 26. Qxc7 {[%emt 0:02:53]} f4 {[%emt 0:02:50]} 27. exf4 {[%emt 0:00:57]} Qd5 {[%emt 0:02:20]} 28. a6 {[%emt 0:00:01]} Bf5 {[%emt 0:01:56]} 29. a7 {[%emt 0:02:46]} Qe6 {[%emt 0:02:07]} 30. Qxd8+ {[%emt 0:01:36]} Kxd8 {[%emt 0:00:16]} 31. a8=Q+ {[%emt 0:01:00]} Nb8 {[%emt 0:00:15]} 32. Rxb8+ {[%emt 0:02:13]} 1-0

[Event "DVM U12 2021-22"]
[Site "Naumburg"]
[Date "2022.03.26"]
[Round "2"]
[White "Marinin, Georgii"]
[Black "Barthel, Jacob"]
[Result "1-0"]
[WhiteElo "1293"]
[BlackElo "1321"]
[Annotator "NA RC"]
[PlyCount "79"]
[EventDate "2022.03.25"]
[EventType "team-tourn"]
[EventRounds "7"]
[EventCountry "GER"]
[SourceTitle "playchess.com"]
[Source "ChessBase"]
[SourceQuality "1"]
[TimeControl "40/5400+30:1800+30"]

1. d4 {[%emt 0:00:01]} d5 {[%emt 0:00:12]} 2. Nf3 {[%emt 0:00:04]} Nf6 {[%emt 0:00:15]} 3. g3 {[%emt 0:00:09]} Bf5 {[%emt 0:01:04]} 4. Bg2 {[%emt 0:00:06]} e6 {[%emt 0:01:02]} 5. O-O {[%emt 0:00:17]} Bd6 {[%emt 0:00:21]} 6. b3 {[%emt 0:02:22]} Nbd7 {[%emt 0:02:08]} 7. Bb2 {[%emt 0:01:54]} c6 {[%emt 0:01:06]} 8. Nbd2 {[%emt 0:00:28]} h6 {[%emt 0:08:49]} 9. c4 {[%emt 0:00:53]} g5 {[%emt 0:08:19]} 10. a3 {[%emt 0:05:52]} g4 {[%emt 0:06:58]} 11. Nh4 {[%emt 0:03:29]} Bh7 {[%emt 0:00:31]} 12. b4 {[%emt 0:01:40]} Rf8 {[%emt 0:12:47]} 13. cxd5 {[%emt 0:08:03]} exd5 {[%emt 0:01:42]} 14. Re1 {[%emt 0:01:52]} Qe7 {[%emt 0:09:26]} 15. e4 {[%emt 0:01:56]} dxe4 {[%emt 0:01:48]} 16. f3 {[%emt 0:06:44]} gxf3 {[%emt 0:08:30]} 17. Bxf3 {[%emt 0:00:30]} O-O-O {[%emt 0:01:42]} 18. Rc1 {[%emt 0:07:11]} e3 {[%emt 0:03:49]} 19. Nc4 {[%emt 0:01:24]} Bc7 {[%emt 0:00:54]} 20. Rxe3 {[%emt 0:01:54]} Ne4 {[%emt 0:03:27]} 21. a4 {[%emt 0:14:06]} f5 {[%emt 0:01:17]} 22. b5 {[%emt 0:01:14]} c5 {[%emt 0:04:14]} 23. d5 {[%emt 0:02:54]} Bd6 {[%emt 0:07:56]} 24. Ba3 {[%emt 0:03:30]} Rg8 {[%emt 0:00:43]} 25. Bxe4 {[%emt 0:01:06]} fxe4 {[%emt 0:02:24]} 26. Ng2 {[%emt 0:04:22]} b6 {[%emt 0:02:28]} 27. a5 {[%emt 0:03:56]} Bf5 {[%emt 0:02:13]} 28. Qa4 {[%emt 0:01:59]} Bc7 {[%emt 0:01:53]} 29. Rd1 {[%emt 0:01:34]} Nb8 {[%emt 0:02:39]} 30. axb6 {[%emt 0:04:07]} Bxb6 {[%emt 0:00:43]} 31. Rc3 {[%emt 0:03:53]} Rd7 {[%emt 0:02:51]} 32. Na5 {[%emt 0:01:12]} Rc7 {[%emt 0:00:52]} 33. d6 {[%emt 0:00:24]} Qe5 {[%emt 0:00:50]} 34. dxc7 {[%emt 0:01:07]} Qxc3 {[%emt 0:00:31]} 35. cxb8=Q+ Kxb8 {[%emt 0:00:10]} 36. Qb3 {[%emt 0:00:33]} Qxb3 {[%emt 0:00:50]} 37. Nxb3 {[%emt 0:00:12]} c4+ {[%emt 0:00:07]} 38. Nd4 {[%emt 0:00:05]} Rd8 {[%emt 0:00:22]} 39. Bb2 {[%emt 0:00:15]} Bg4 {[%emt 0:00:29]} 40. Rd2 {[%emt 0:00:25]} 1-0